[Event "Titled Tuesday intern op 12th Mar Early"]
[Site "Chess.com INT"]
[Date "2024.03.12"]
[Round "5"]
[White "Bilan, Danila"]
[Black "Samaganova, Alexandra"]
[Result "1-0"]
[WhiteElo "2303"]
[BlackElo "1915"]
[PlyCount "101"]
[EventDate "2024.03.12"]
[EventType "swiss (blitz)"]
[EventRounds "11"]
[EventCountry "USA"]
[SourceTitle "CB12_2024"]
[SourceDate "2023.10.01"]
[SourceVersion "1"]
[SourceVersionDate "2023.10.01"]
[SourceQuality "1"]

1. d4 Nf6 2. Nf3 e6 3. g3 b6 4. Bg2 Bb7 5. 0-0 Be7 6. c4 0-0 7. d5 d6 8. Nc3 e5 9. e4 Nbd7 10. Ne1 Ne8 11. Nd3 g6 12. Bh6 Ng7 13. f4 f6 14. f5 g5 15. h4 Qe8 16. Bf3 Qf7 17. Kf2 Rfc8 18. b4 c6 19. Rc1 cxd5 20. Nxd5 Bxd5 21. cxd5 b5 22. Qd2 g4 23. Bxg4 Nb6 24. Nb2 Bd8 25. Be2 a6 26. Qe3 Qb7 27. Qf3 Nc4 28. Nxc4 bxc4 29. Rxc4 Rxc4 30. Bxc4 Qxb4 31. Qb3 Qc5+ 32. Be3 Qc7 33. Rb1 Rc8 34. Bd3 Qf7 35. Bxa6 Ra8 36. Be2 Ne8 37. Qb7 Ra3 38. Qxf7+ Kxf7 39. Bh5+ Kf8 40. Rb8 Ke7 41. Bxe8 Rxa2+ 42. Kf3 Kxe8 43. Bb6 Ra3+ 44. Kg4 Ra4 45. Rxd8+ Ke7 46. Kf3 Ra3+ 47. Kg2 Rb3 48. Rb8 Rb4 49. Bd8+ Ke8 50. Rxb4 Kxd8 51. Rb7 1-0

[Event "Swiss Queens Wed #6"]
[Site "FIDE Online Arena INT"]
[Date "2024.03.06"]
[Round "10"]
[White "Samaganova, Alexandra"]
[Black "Michelle, Catherina P"]
[Result "1/2-1/2"]
[WhiteElo "1915"]
[BlackElo "2164"]
[PlyCount "23"]
[EventDate "2024.03.06"]
[EventType "swiss (blitz)"]
[EventRounds "11"]
[EventCountry "NET"]
[SourceTitle "CB11_2024"]
[SourceDate "2024.03.13"]
[SourceVersion "1"]
[SourceVersionDate "2024.03.13"]
[SourceQuality "1"]

1. c4 Nf6 2. Nc3 c5 3. Nf3 Nc6 4. e3 e5 5. d4 exd4 6. exd4 d5 7. Bg5 cxd4 8. Nxd5 Qa5+ 9. Bd2 Qd8 10. Bg5 Qa5+ 11. Bd2 Qd8 12. Bg5 1/2-1/2

[Event "Swiss Queens Wed #6"]
[Site "FIDE Online Arena INT"]
[Date "2024.03.06"]
[Round "1"]
[White "Samaganova, Alexandra"]
[Black "Vifleemskaia, Svetlana"]
[Result "0-1"]
[WhiteElo "1915"]
[BlackElo "1942"]
[PlyCount "116"]
[EventDate "2024.03.06"]
[EventType "swiss (blitz)"]
[EventRounds "11"]
[EventCountry "NET"]
[SourceTitle "CB11_2024"]
[SourceDate "2024.03.13"]
[SourceVersion "1"]
[SourceVersionDate "2024.03.13"]
[SourceQuality "1"]

1. c4 c5 2. Nc3 Nf6 3. Nf3 d5 4. cxd5 Nxd5 5. e3 Nc6 6. Be2 e6 7. 0-0 Be7 8. d4 0-0 9. e4 Nxc3 10. bxc3 cxd4 11. cxd4 b6 12. Bb2 Bb7 13. Qd2 Na5 14. Qe3 Rc8 15. Rac1 h6 16. h3 Qd7 17. Ne5 Qa4 18. a3 Rxc1 19. Rxc1 Rc8 20. Rxc8+ Bxc8 21. Qc1 Qe8 22. Bh5 g6 23. Bg4 Kh7 24. Qc7 Bb7 25. Bf3 Kg8 26. Bc3 Qd8 27. Qxd8+ Bxd8 28. Bxa5 bxa5 29. Nc4 Bb6 30. d5 exd5 31. exd5 Kf8 32. Nd6 Ba6 33. Ne4 Ke7 34. Nc3 f5 35. g4 Kd6 36. Nd1 Bc4 37. Nc3 Bd4 38. Ne2 Be5 39. gxf5 gxf5 40. Ng3 Bxg3 41. fxg3 Bxd5 42. Be2 Kc5 43. Bd3 Be6 44. Bc2 Kd4 45. Kf2 Kc3 46. Bd1 Kb2 47. a4 Bb3 48. Be2 Bxa4 49. Bd3 Bd7 50. Ke3 a4 51. Bc4 a3 52. Kf4 a2 53. Bxa2 Kxa2 54. g4 fxg4 55. hxg4 Bxg4 56. Kxg4 a5 57. Kh5 a4 58. Kxh6 a3 0-1

[Event "Titled Tuesday intern op 13th Feb Early"]
[Site "Chess.com INT"]
[Date "2024.02.13"]
[Round "2"]
[White "Concio, Michael Jr"]
[Black "Samaganova, Alexandra"]
[Result "1-0"]
[WhiteElo "2401"]
[BlackElo "1884"]
[PlyCount "111"]
[EventDate "2024.02.13"]
[EventType "swiss (blitz)"]
[EventRounds "11"]
[EventCountry "USA"]
[SourceTitle "CB08_2024"]
[SourceDate "2024.02.21"]
[SourceVersion "1"]
[SourceVersionDate "2024.02.21"]
[SourceQuality "1"]

1. e4 c5 2. Nc3 e6 3. g3 Nc6 4. Bg2 g6 5. d3 Bg7 6. Be3 Nd4 7. Qd2 h6 8. Nd1 Ne7 9. c3 Ndc6 10. Bxc5 d6 11. Be3 d5 12. Nf3 b6 13. 0-0 Bb7 14. Re1 dxe4 15. dxe4 Qxd2 16. Nxd2 0-0 17. f4 e5 18. Nf2 Rfd8 19. Nf3 Kh7 20. Red1 Rac8 21. Ng4 exf4 22. Bxf4 f5 23. exf5 Nxf5 24. Ne3 Nxe3 25. Bxe3 Na5 26. Rxd8 Rxd8 27. Nd2 Rd3 28. Re1 Bf6 29. Bxb7 Nxb7 30. Ne4 Be7 31. Kf2 Nd6 32. Ke2 Rd5 33. Nxd6 Bxd6 34. Rd1 Rxd1 35. Kxd1 h5 36. Ke2 h4 37. Bf4 Be7 38. g4 Kg7 39. Kf3 Kf7 40. Ke4 Ke6 41. h3 a6 42. c4 b5 43. b3 bxc4 44. bxc4 Bd8 45. c5 Kd7 46. Kd5 Kc8 47. c6 Bb6 48. Ke6 Bc7 49. Bxc7 Kxc7 50. Kd5 g5 51. Kc5 a5 52. a4 Kc8 53. Kb6 Kb8 54. Kxa5 Kc7 55. Kb5 Kc8 56. a5 1-0

[Event "Titled Tuesday intern op 13th Feb Early"]
[Site "Chess.com INT"]
[Date "2024.02.13"]
[Round "3"]
[White "Samaganova, Alexandra"]
[Black "Palencia Morales, Wilson Guillermo"]
[Result "0-1"]
[WhiteElo "1884"]
[BlackElo "2180"]
[PlyCount "136"]
[EventDate "2024.02.13"]
[EventType "swiss (blitz)"]
[EventRounds "11"]
[EventCountry "USA"]
[SourceTitle "CB08_2024"]
[SourceDate "2024.02.21"]
[SourceVersion "1"]
[SourceVersionDate "2024.02.21"]
[SourceQuality "1"]

1. c4 c5 2. Nc3 g6 3. g3 Bg7 4. Bg2 Nc6 5. Nf3 Nf6 6. 0-0 0-0 7. d3 d5 8. cxd5 Nxd5 9. Bd2 Nc7 10. Rc1 b6 11. Bf4 e5 12. Bg5 f6 13. Be3 Bb7 14. Qd2 Qd7 15. Bh6 Ne6 16. Bxg7 Kxg7 17. a3 Rad8 18. Ne4 Ncd4 19. Nxd4 Nxd4 20. Qd1 f5 21. Nc3 Bxg2 22. Kxg2 f4 23. Ne4 Nxe2 24. f3 Nxc1 25. Qxc1 fxg3 26. Qg5 Rf5 27. Qxg3 Rdf8 28. Rf2 Qxd3 29. h4 Rf4 30. Ng5 Qf5 31. h5 h6 32. Nh3 Qxh5 33. Nxf4 exf4 34. Qg4 Qxg4+ 35. fxg4 g5 36. Rd2 Rf7 37. Kf3 Re7 38. Rd6 Re3+ 39. Kf2 Rb3 40. Rd7+ Kf6 41. Rxa7 Rxb2+ 42. Kf3 Rb3+ 43. Kf2 Ke5 44. Rh7 Rg3 45. Rxh6 Rxg4 46. Rxb6 Kd4 47. a4 Rg3 48. a5 Ra3 49. a6 g4 50. Rd6+ Ke5 51. Rg6 Ra2+ 52. Ke1 g3 53. Rg5+ Ke4 54. Rg6 Kf3 55. Rd6 g2 56. Rg6 Ra1+ 57. Kd2 g1Q 58. Rxg1 Rxg1 59. Kc3 Ra1 60. Kc4 Rxa6 61. Kxc5 Ra1 62. Kd5 Re1 63. Kd4 Re3 64. Kd5 Ke2 65. Kd4 f3 66. Kd5 f2 67. Kd4 f1Q 68. Kd5 Qf4 0-1

[Event "Titled Tuesday intern op 16th Jan Early"]
[Site "Chess.com INT"]
[Date "2024.01.16"]
[Round "4"]
[White "Krishnan, Ritvik"]
[Black "Samaganova, Alexandra"]
[Result "1-0"]
[WhiteElo "2277"]
[BlackElo "1884"]
[PlyCount "71"]
[EventDate "2024.01.16"]
[EventType "swiss (blitz)"]
[EventRounds "11"]
[EventCountry "USA"]
[SourceTitle "CB04_2024"]
[SourceDate "2023.10.16"]
[SourceVersion "1"]
[SourceVersionDate "2023.10.16"]
[SourceQuality "1"]

1. e4 c5 2. Nf3 e6 3. d4 cxd4 4. Nxd4 a6 5. Nc3 Qc7 6. Bd3 Bc5 7. Nb3 Be7 8. Qe2 Nc6 9. 0-0 Nf6 10. f4 d6 11. g4 Nb4 12. g5 Nd7 13. Be3 Nc5 14. Nxc5 dxc5 15. f5 Bd7 16. f6 gxf6 17. gxf6 Bd6 18. a3 Nxd3 19. cxd3 Rg8+ 20. Kh1 Bc6 21. d4 cxd4 22. Bxd4 0-0-0 23. Rac1 Kb8 24. Qf2 Qd7 25. Ba7+ Ka8 26. Bb6 Rc8 27. Rcd1 Bxe4+ 28. Nxe4 Qc6 29. Qf3 Be5 30. Bd4 Bb8 31. Nc3 Qc7 32. Rd2 e5 33. Be3 Rg6 34. Ne4 Rcg8 35. Rdf2 Qc6 36. h3 1-0

[Event "Sitges Sunway op 10th"]
[Site "Sitges"]
[Date "2023.12.21"]
[Round "9"]
[White "Samaganova, Alexandra"]
[Black "Botiraliev, Abdumajid"]
[Result "1-0"]
[WhiteElo "1827"]
[BlackElo "1986"]
[PlyCount "61"]
[EventDate "2023.12.12"]
[EventType "swiss"]
[EventRounds "10"]
[EventCountry "ESP"]
[SourceTitle "CB52_2023"]
[SourceDate "2023.12.27"]
[SourceVersion "1"]
[SourceVersionDate "2023.12.27"]
[SourceQuality "1"]

1. c4 e5 2. e3 Nf6 3. a3 d6 4. Nc3 g6 5. Nf3 Bg7 6. d4 Nbd7 7. Be2 0-0 8. 0-0 Re8 9. dxe5 dxe5 10. e4 c6 11. h3 Qc7 12. Be3 Nh5 13. Qc2 Nf4 14. Rfd1 Nf8 15. Bc5 b6 16. Bd6 Qb7 17. b4 Nxe2+ 18. Nxe2 Bd7 19. c5 f6 20. Nc3 Be6 21. Rac1 Nd7 22. Nd2 f5 23. a4 f4 24. Nb3 Rec8 25. b5 cxb5 26. axb5 bxc5 27. Na5 Qb6 28. Nc6 Bf6 29. Be7 Bg7 30. Rd6 Kf7 31. Rxe6 1-0

[Event "Titled Tuesday intern op 12th Sep Early"]
[Site "Chess.com INT"]
[Date "2023.09.12"]
[Round "1"]
[White "Samaganova, Alexandra"]
[Black "Horobetz, Graham"]
[Result "0-1"]
[WhiteElo "1827"]
[BlackElo "2154"]
[PlyCount "88"]
[EventDate "2023.09.12"]
[EventType "swiss (blitz)"]
[EventRounds "11"]
[EventCountry "USA"]
[SourceTitle "EXT 2024"]
[Source "ChessBase"]
[SourceDate "2023.10.10"]
[SourceVersion "1"]
[SourceVersionDate "2023.10.10"]
[SourceQuality "1"]

1. c4 c5 2. Nc3 g6 3. g3 Bg7 4. Bg2 Nc6 5. e3 d6 6. Nge2 e5 7. h3 Nge7 8. 0-0 Be6 9. Nd5 Qd7 10. Kh2 0-0 11. Nec3 f5 12. f4 Rab8 13. a3 a6 14. Nb6 Qd8 15. Ncd5 Nxd5 16. Nxd5 b5 17. cxb5 axb5 18. Rb1 e4 19. Nc3 Bc4 20. Rf2 Bd3 21. Ra1 d5 22. Bf1 Bxf1 23. Qxf1 c4 24. a4 b4 25. Nb5 Na5 26. Rb1 Nb3 27. g4 fxg4 28. hxg4 Qh4+ 29. Kg1 Qxg4+ 30. Rg2 Qd7 31. d4 exd3 32. Bd2 Nxd2 33. Rxd2 b3 34. Rc1 Ra8 35. Ra1 Qe7 36. Nc3 Qxe3+ 37. Qf2 Bd4 38. Kg2 Qxf2+ 39. Rxf2 Bxf2 40. Kxf2 d4 41. Kg3 dxc3 42. bxc3 b2 43. Rb1 Rfb8 44. f5 Rxa4 0-1

[Event "Titled Tuesday intern op 05th Sep Early"]
[Site "Chess.com INT"]
[Date "2023.09.05"]
[Round "5"]
[White "Samaganova, Alexandra"]
[Black "Ghevondyan, Arman"]
[Result "0-1"]
[WhiteElo "1827"]
[BlackElo "2216"]
[PlyCount "108"]
[EventDate "2023.09.05"]
[EventType "swiss (blitz)"]
[EventRounds "11"]
[EventCountry "USA"]
[SourceTitle "EXT 2024"]
[Source "ChessBase"]
[SourceDate "2023.10.10"]
[SourceVersion "1"]
[SourceVersionDate "2023.10.10"]
[SourceQuality "1"]

1. c4 Nf6 2. Nc3 d5 3. cxd5 Nxd5 4. Nf3 g6 5. e3 Bg7 6. d4 0-0 7. Be2 c5 8. 0-0 Nc6 9. h3 cxd4 10. exd4 b6 11. Re1 Bb7 12. Bc4 Nxc3 13. bxc3 Na5 14. Bb3 Rc8 15. Ba3 Rc7 16. Rc1 h6 17. Ne5 Bxe5 18. Rxe5 Kg7 19. Qe1 Nxb3 20. axb3 Re8 21. Qe2 e6 22. c4 Rc8 23. Bb2 Kh7 24. Rd1 Qd7 25. Qg4 Rcd8 26. Qf4 g5 27. Qg4 f6 28. Ree1 Qf7 29. Qg3 Rd7 30. Qc3 Red8 31. Re3 e5 32. d5 Qg6 33. Ra1 Ba8 34. Re2 g4 35. hxg4 Qxg4 36. f3 Qg6 37. Bc1 Rg8 38. Kf1 Rdg7 39. Rea2 a5 40. Qc2 f5 41. Be3 Bb7 42. c5 bxc5 43. Qxc5 f4 44. Bg1 Ba6+ 45. Ke1 Qd3 46. Qf2 Rxg2 47. Qxg2 Rxg2 48. Rxg2 Qf1+ 49. Kd2 Qxg2+ 50. Kc3 Qxf3+ 51. Kb2 Qxd5 52. Ka3 Qd6+ 53. Ka2 e4 54. Rc1 e3 0-1

[Event "Titled Tuesday intern op 29th Aug Early"]
[Site "Chess.com INT"]
[Date "2023.08.29"]
[Round "1"]
[White "Causo, Deniel"]
[Black "Samaganova, Alexandra"]
[Result "1-0"]
[WhiteElo "2224"]
[BlackElo "1827"]
[PlyCount "63"]
[EventDate "2023.08.29"]
[EventType "swiss (blitz)"]
[EventRounds "11"]
[EventCountry "USA"]
[SourceTitle "EXT 2024"]
[Source "ChessBase"]
[SourceDate "2023.10.10"]
[SourceVersion "1"]
[SourceVersionDate "2023.10.10"]
[SourceQuality "1"]

1. e4 c5 2. c3 Nf6 3. e5 Nd5 4. d4 cxd4 5. Nf3 Nc6 6. cxd4 d6 7. Bc4 e6 8. 0-0 Be7 9. Qe2 0-0 10. Nc3 Nxc3 11. bxc3 dxe5 12. dxe5 b6 13. Rd1 Qc7 14. Bd3 Bb7 15. Qe4 g6 16. Bh6 Rfd8 17. Qf4 Rd5 18. Be4 Rxd1+ 19. Rxd1 Rd8 20. Re1 Na5 21. Bxb7 Nxb7 22. Ng5 Bf8 23. Bxf8 Rxf8 24. Ne4 f5 25. Ng5 Qd7 26. h4 h6 27. Nf3 Kg7 28. Nd4 Nc5 29. Re3 Qd5 30. c4 Qe4 31. Rxe4 Nxe4 32. Nxe6+ 1-0

[Event "Titled Tuesday intern op 29th Aug Early"]
[Site "Chess.com INT"]
[Date "2023.08.29"]
[Round "8"]
[White "Samaganova, Alexandra"]
[Black "Fernandez Bustamante, Leancy B"]
[Result "0-1"]
[WhiteElo "1827"]
[BlackElo "2059"]
[PlyCount "184"]
[EventDate "2023.08.29"]
[EventType "swiss (blitz)"]
[EventRounds "11"]
[EventCountry "USA"]
[SourceTitle "EXT 2024"]
[Source "ChessBase"]
[SourceDate "2023.10.10"]
[SourceVersion "1"]
[SourceVersionDate "2023.10.10"]
[SourceQuality "1"]

1. c4 c5 2. Nc3 Nc6 3. g3 d6 4. Bg2 Nf6 5. e3 g6 6. Nge2 Bg7 7. 0-0 0-0 8. h3 e6 9. d4 cxd4 10. exd4 d5 11. c5 b6 12. cxb6 axb6 13. Bf4 Ba6 14. Re1 Bxe2 15. Rxe2 Na5 16. b3 Rc8 17. Rc1 Nc6 18. Nb5 Qd7 19. Rec2 Qd8 20. Rxc6 Rxc6 21. Rxc6 Qa8 22. Rc2 Qa5 23. a4 Qb4 24. Rc6 Ne4 25. Rxb6 Rc8 26. Rb8 Rxb8 27. Bxb8 Bh6 28. Bxe4 dxe4 29. Bd6 Qa5 30. Bf4 Bf8 31. Bd2 Qb6 32. Be3 Qb7 33. Qc2 e5 34. dxe5 Qd7 35. Qd2 Qxh3 36. Qd4 h5 37. Qxe4 Qe6 38. Nd4 Qa6 39. Qd5 Qd3 40. e6 h4 41. exf7+ Kh7 42. Qf3 h3 43. Qe2 Qb1+ 44. Qf1 h2+ 45. Kg2 Qxf1+ 46. Kxf1 h1Q+ 47. Ke2 Qd5 48. Kd3 Bg7 49. b4 Qxf7 50. b5 Bxd4 51. Bxd4 Qb3+ 52. Ke4 Qxa4 53. b6 Qc6+ 54. Kd3 Kh6 55. g4 Kg5 56. Be3+ Kxg4 57. Ke2 Qf3+ 58. Kd3 Kf5 59. Kd4 Qe4+ 60. Kc5 Qb7 61. Kb5 Ke4 62. Kc5 Qd5+ 63. Kb4 Kd3 64. Ka4 Qc4+ 65. Ka5 Qd5+ 66. Ka6 Qa8+ 67. Kb5 Qb7 68. Kc5 Ke4 69. Kd6 g5 70. Bxg5 Qd5+ 71. Kc7 Qxg5 72. b7 Qe5+ 73. Kc8 Qe8+ 74. Kc7 Qe7+ 75. Kc8 Qe6+ 76. Kc7 Qc4+ 77. Kd8 Qd5+ 78. Kc7 Qc5+ 79. Kd8 Qb6+ 80. Kc8 Qc6+ 81. Kb8 Kd5 82. Ka7 Qa4+ 83. Kb6 Qb4+ 84. Kc7 Qc5+ 85. Kd8 Qb6+ 86. Kc8 Qc6+ 87. Kb8 Kc5 88. Ka7 Qb6+ 89. Ka8 Qa6+ 90. Kb8 Kc6 91. Kc8 Qxb7+ 92. Kd8 Qd7# 0-1